| 000 | 00393nam a2200145Ia 4500 | ||
|---|---|---|---|
| 008 | 230312s9999||||xx |||||||||||||| ||und|| | ||
| 020 | _a978-9332586505 | ||
| 082 |
_a621.381 _bBHA-B |
||
| 100 | _aBhattacharya;S.K | ||
| 245 | 0 | _aBasic Electrical and Electronics Engineering | |
| 260 |
_bPearsons _aIndia _c2019 |
||
| 300 | _a903 | ||
| 650 |
_aEngineering _vElectrical/Electronics |
||
| 942 | _cBK | ||
| 999 |
_c13936 _d13936 |
||